La Constitución de 1978
Saved in:
| Hovedforfatter: | |
|---|---|
| Format: | Ukendt |
| Sprog: | engelsk spansk |
| Udgivet: |
Madrid, España
Alianza
2011
|
| Udgivelse: | Segunda edición |
| Fag: | |
| Tags: |
Tilføj Tag
Ingen Tags, Vær først til at tagge denne postø!
|
MARC
| LEADER | 00000 a2200000 4500 | ||
|---|---|---|---|
| 003 | CL-VaPUC | ||
| 005 | 20220426163231.0 | ||
| 008 | 200120b ||||| |||| 00| 0 eng d | ||
| 999 | |c 376125 |d 376123 | ||
| 020 | |a 9788420664583 | ||
| 040 | |c Pontificia Universidad Católica de Valparaíso | ||
| 041 | 0 | |a spa | |
| 082 | |a 342.46 BLA 2011 | ||
| 100 | 1 | |a Blanco Valdés, Roberto L |9 605036 | |
| 245 | 1 | 3 | |a La Constitución de 1978 |
| 250 | |a Segunda edición | ||
| 260 | 3 | |b Alianza |c 2011 |a Madrid, España | |
| 300 | |a 351 páginas | ||
| 505 | 0 | |a Primera parte. La Constitución en su historia. Segunda parte. La Constitución del Estado. Tercera parte. La Constitución de la sociedad. Cuarta parte. La Constitución que defiende a la Constitución. | |
| 583 | |k Hugo Gaete |c 20200120 | ||
| 650 | 0 | 0 | |a Constitucionalismo |9 341373 |
| 650 | 0 | 0 | |a Constitución española |9 392668 |
| 650 | 0 | 0 | |a DERECHO CONSTITUCIONAL ESPAÑOL |9 435214 |
| 651 | 0 | |a España |9 254926 | |
| 942 | |2 ddc |c BK | ||
| 952 | |0 0 |1 0 |2 ddc |4 0 |6 342_460000000000000_BLA_2011 |7 0 |9 495295 |a BIBDER |b BIBDER |d 2020-01-02 |e 36 |g 13121.00 |i 5568900 |o 342.46 BLA 2011 |p 5568900 |r 2023-01-25 |t 1 |v 13121.00 |w 2020-01-02 |y BK |k DER | ||